| 000 | 00788cam a2200217 a 4500 | ||
|---|---|---|---|
| 001 | 000015142 | ||
| 005 | 20200929163951.0 | ||
| 008 | 790524s1978 ve r 000 0 spa | ||
| 040 |
_aDO-SdBNP _bspa _cDLC _dBNPHU |
||
| 082 |
_a270.82 _bG211r |
||
| 100 | 1 |
_aGanuza, Juan Miguel _934261 |
|
| 245 | 1 | 3 |
_aLa renovación católica carismática : _bdocumentos de la iglesia, selección y notas introductorias / _cJuan Miguel Ganuza. |
| 260 |
_aCaracas, Venezuela : _bUniversidad Católica Andrés Bello, _c1978. |
||
| 300 |
_a209 p. ; _c19 cm. |
||
| 490 | 1 |
_aManoa _v11 |
|
| 650 | 4 |
_aIglesia católica _ySIGLO XX _934262 |
|
| 650 | 4 |
_aMovimiento carismático _9666 |
|
| 650 | 4 |
_aIglesia católica _xDocumentación _934263 |
|
| 830 | 0 |
_aManoa ; _n11 _934264 |
|
| 910 | _aCatalogación por copia / LC | ||
| 999 |
_c14714 _d14714 |
||